000 00505nam a2200181Ia 4500
003 GCL
008 140319s9999 xx 000 0 ara d
040 _aGCL /
_cGCL
082 0 4 _aط
_b629.227
_bا د
100 1 _aانعام عبدالكريم
245 1 0 _aالدراجات النارية /
_cانعام عبدالكريم
300 _a39 ص
490 _aالكتاب العلمى
_v0
650 0 4 _aالاطفال
650 0 4 _aالدراجات
650 0 4 _aالمخترعات
942 _2ddc
_cBK
999 _c51373
_d51373